On This Day: March 15th Quiz Stats

 Plays Quiz Updated Jul 26, 2017

Support Sporcle.
Go Orange.
Score 0/7 Timer 03:00
1 Play Today
Question Answer Wrong Answers
This Francis Ford Coppola film, based on a novel by Mario Puzo, is released in theaters.
1972
The Godfather
90.9%
Apocalypse Now
4.1%
The Conversaton
0.9%
Patton
1.2%
Bobby Orr becomes the first player to score 100 points in one season in this sport.
1970
Hockey
79.6%
Basketball
10.8%
Soccer
3%
Football
4.4%
Growing out of the unrest of the Arab Spring Protests, civil war begins in this Middle East country.
2011
Syria
74.5%
Saudi Arabia
5.5%
Kuwait
6.3%
Iran
9.9%
This man becomes the only person to hold the office of President of the Soviet Union.
1990
Mikhail Gorbachev
69.6%
Leonid Brezhnev
5.2%
Vladimir Putin
15.6%
Nikita Khrushchev
6.2%
This 7th US president is born.
1767
Andrew Jackson
54.6%
John Quincy Adams
20.6%
Martin Van Buren
17.8%
William H. Harrison
6.9%
This state is admitted to the Union following the Missouri Compromise.
1820
Maine
27.6%
Missouri
44.9%
Massachusetts
2.3%
Mississippi
24.5%
Tsar Nicholas II of Russia abdicates the throne directly following this major event.
1917
February Revolution
22.2%
Bloody Sunday
12.4%
Russian Civil War
17.9%
October Revolution
45.6%

You're not logged in!

Compare scores with friends on all Sporcle quizzes.
OR
Log In
Forgot?

From the Vault

Two Degrees of Separation - Ecuador

by schnautza

We think you'll Ecu-ador this quiz.
Remove Ads.
Support Sporcle.
Get the best of Sporcle when you Go Orange. This ad-free experience offers more features, more stats, and more fun while also helping to support Sporcle. Thank you for becoming a member.

Show Comments

Extras

Top Quizzes Today


Score Distribution

Your Account Isn't Verified!

In order to create a playlist on Sporcle, you need to verify the email address you used during registration. Go to your Sporcle Settings to finish the process.

Report this User

Report this user for behavior that violates our Community Guidelines.

Details: